Cases in strategic management / (Record no. 5375)

MARC details
000 -LEADER
fixed length control field 00708cam a22002412 4500
001 - CONTROL NUMBER
control field 0000001666
005 - DATE AND TIME OF LATEST TRANSACTION
control field 20151217151824.0
008 - FIXED-LENGTH DATA ELEMENTS--GENERAL INFORMATION
fixed length control field 070321s xx 000 0 eng d
020 ## - INTERNATIONAL STANDARD BOOK NUMBER
International Standard Book Number 0395719968 D :
040 ## - CATALOGING SOURCE
Original cataloging agency KABU
Transcribing agency KABU
050 #0 - LIBRARY OF CONGRESS CALL NUMBER
Classification number HD30.28
Item number .H55 1995
100 1# - MAIN ENTRY--PERSONAL NAME
Personal name Hill, Charles W. L.
-- 0000150602
245 10 - TITLE STATEMENT
Title Cases in strategic management /
Statement of responsibility, etc. Charles W. L. Hill, Gareth R. Jones.
250 ## - EDITION STATEMENT
Edition statement 2nd ed.
260 ## - PUBLICATION, DISTRIBUTION, ETC. (IMPRINT)
Place of publication, distribution, etc. Boston :
Name of publisher, distributor, etc. Houghtone,
Date of publication, distribution, etc. 1995.
300 ## - PHYSICAL DESCRIPTION
Extent xvii, 547 p.
650 #0 - SUBJECT ADDED ENTRY--TOPICAL TERM
Topical term or geographic name as entry element Strategic planning.
-- 0000150576
700 1# - ADDED ENTRY--PERSONAL NAME
Personal name Jones, Gareth J.
-- 0000150603
908 ## - PUT COMMAND PARAMETER (RLIN)
Put command parameter 070321
950 ## - LOCAL HOLDINGS (RLIN)
-- 1
Holdings
Withdrawn status Lost status Source of classification or shelving scheme Not for loan Home library Current library Date acquired Total Checkouts Full call number Barcode Date last seen Price effective from Koha item type
    Library of Congress Classification   Kabarak, Main Campus Kabarak, Main Campus 17/12/2015   HD30.28 .H55 1995 002565 02/08/2024 17/12/2015 General Collection
Designed with assistance from East African Informatics Ltd